| 000 | 00572nam a2200217Ia 4500 | ||
|---|---|---|---|
| 005 | 20250923150119.0 | ||
| 008 | 008 250917s9999 xx 000 0 eng d | ||
| 037 | _aTextual | ||
| 040 |
_aDSWL _beng _cDSWL |
||
| 041 |
_aeng _2eng |
||
| 084 | _qDSWL | ||
| 100 |
_aDoel, Mark _9842373 |
||
| 245 | 4 |
_aThe new social work practice _c by Mark Doel |
|
| 260 |
_aAldershot _bAshgate Publication _c1998 |
||
| 300 | _a256p. | ||
| 365 |
_aINR _b2362.95 |
||
| 700 |
_a Steven SHARDLOW _9842374 |
||
| 925 | _g2362.95 | ||
| 942 | _cTEXL | ||
| 999 |
_c1459693 _d1459693 |
||